| 000 | 00779nam a2200229 4500 | ||
|---|---|---|---|
| 003 | OSt | ||
| 005 | 20260601171003.0 | ||
| 008 | 260507b1984\\\\|||ad|||\||||\00|\0\spa\d | ||
| 040 |
_aICI _bspa _cICI |
||
| 050 |
_aTS1714.M6 _bE57 2005 |
||
| 100 | 1 | _aPosgrado en Diseño Industrial UNAM | |
| 245 | 1 |
_aLa enseñanza de la Ergonomía en México 1: _bRelación entre Ergonomía y Diseño Gáfico e Industrial |
|
| 264 |
_bUNAM Facultad de Arquitectura _c1984 _aMéxico |
||
| 300 | _a277 páginas | ||
| 336 |
_atexto _2rdacontent |
||
| 337 |
_asin medio _2rdamedia |
||
| 338 |
_avolumen _2rdacarrier |
||
| 650 |
_aErgonomía _xEstudio y enseñanza _zMéxico _931732 |
||
| 650 |
_aDiseño industrial _xAspectos humanos _931733 |
||
| 700 |
_aFontoura, Ivens _eEditor |
||
| 942 |
_2lcc _cB _n1 |
||
| 999 |
_c20153 _d20153 |
||